书目信息 |
| 题名: |
倾城之恋
|
|
| 作者: | 张爱玲 原著 ;张狂 , 孙萌 , 晶晶 导演/编剧 | |
| 分册: | ||
| 出版信息: | 北京 民族出版社 2005.5 |
|
| 页数: | 1册 | |
| 开本: | 21cm | |
| 丛书名: | ||
| 单 册: | ||
| 中图分类: | J235.1 | |
| 科图分类: | ||
| 主题词: | 连环画--中国--现代 , 绘画--世界 , 绘画--各国 | |
| 电子资源: | ||
| ISBN: | 7-105-06948-1 | |
| 000 | 01186nam0 2200349 450 | |
| 000 | 01149nam0 2200337 450 | |
| 000 | 01293nam0 2200385 450 | |
| 000 | 01187nam0 2200349 450 | |
| 001 | 1556152650 | |
| 005 | 20150128082730.00 | |
| 010 | @a7-105-06948-1@dCNY25.00 | |
| 100 | @a20060213d2005 ekmy0chiy0120 ea | |
| 101 | 0 | @achi |
| 102 | @aCN@b110000 | |
| 105 | @aa z 010yy | |
| 200 | 1 | @a倾城之恋@AQing Cheng Zhi Lian@e纸上电影@EZhi Shang Dian Ying@f张爱玲原著@FZhang Ai Ling Yuan Zhu@g张狂导演/编剧@g孙萌,晶晶绘图 |
| 210 | @a北京@c民族出版社@d2005.5 | |
| 215 | @a1册@c图@d21cm | |
| 300 | @a纪念张爱玲逝世十周年 | |
| 330 | @a本书改编自张爱玲的原著,旨在纸上创作一种蒙太奇,比电影更细腻地呈现了小说中各种迂回曲折的感情和荡气回肠的结局。 | |
| 517 | 1 | @a纸上电影@AZhi Shang Dian Ying |
| 606 | 0 | @a连环画@y中国@z现代 |
| 606 | 0 | @a绘画@x世界 |
| 606 | 0 | @a绘画@y各国 |
| 690 | @aJ235.1@v4 | |
| 701 | 0 | @a张爱玲@AZhang Ai Ling@4原著 |
| 702 | 0 | @a张狂@AZhang Kuang@4导演/编剧 |
| 702 | 0 | @a孙萌@ASun Meng@4绘图 |
| 702 | 0 | @a晶晶@AJing Jing@4绘图 |
| 801 | 0 | @aCN@bTSSF@c20150128 |
| 905 | @aZUCC@dJ235.1@eJY74 | |
| 倾城之恋:纸上电影/张爱玲原著/张狂导演/编剧/孙萌,晶晶绘图.-北京:民族出版社,2005.5 |
| 1册:图;21cm |
| 纪念张爱玲逝世十周年 |
| ISBN 7-105-06948-1:CNY25.00 |
| 本书改编自张爱玲的原著,旨在纸上创作一种蒙太奇,比电影更细腻地呈现了小说中各种迂回曲折的感情和荡气回肠的结局。 |
| ● |
| 相关链接 |
|
|
|
|
正题名:倾城之恋
索取号:J235.1/JY74
 
预约/预借
| 序号 | 登录号 | 条形码 | 馆藏地/架位号 | 状态 | 备注 |
| 1 | 7842373 | 278423733 | 学院路分馆/ [索取号:J235.1/JY74] | 在馆 | |
| 2 | 7842374 | 278423742 | 学院路分馆/ [索取号:J235.1/JY74] | 在馆 |